Loading...
Robinson Crusoe viv G Kamalama /
| Main Author: | |
|---|---|
| Language: | Undetermined |
| Published: |
S P C S ,
1973.
|
| LEADER | 00436nam a2200133Ia 4500 | ||
|---|---|---|---|
| 001 | 38553 | ||
| 008 | 170722s9999 xx 000 0 und d | ||
| 100 | |a Defoe, Daniel | ||
| 245 | |a Robinson Crusoe viv G Kamalama / | ||
| 260 | |b S P C S , |c 1973. | ||
| 300 | |a 181 p. |c 18cms | ||
| 942 | |c GEN | ||
| 999 | |c 91550 |d 91550 | ||
| 952 | |0 0 |1 0 |4 0 |6 O_3K60_R_32L3L31KRG |7 0 |9 128489 |a LIB |b LIB |d 2017-08-12 |o O-,3K60, R 32L3-L3;1(KRG) |p 166465 |r 2017-08-12 |v 4.50 |w 2017-08-12 |y GEN | ||